[Event "TCh-RUS Women 2015"]
[Site "Sochi RUS"]
[Date "2015.05.02"]
[Round "2.1"]
[Board "1"]
[White "Kosteniuk, Alexandra"]
[Black "Bodnaruk, Anastasia"]
[Result "0-1"]
[WhiteTitle "GM"]
[BlackTitle "IM"]
[WhiteElo "2529"]
[BlackElo "2382"]
[WhiteTeam "SHSM-Our Heritage (Moscow)"]
[BlackTeam "SDYUSSHOR Hilti (St. Petersburg)"]
[WhiteFideId "4128125"]
[BlackFideId "4181751"]
[EventDate "2015.05.01"]

1. e4 c5 2. Nf3 d6 3. d4 cxd4 4. Nxd4 Nf6 5. Nc3 a6 6. Bg5 Nbd7 7. Qe2 h6 8. Bh4
g6 9. f4 e5 10. fxe5 dxe5 11. O-O-O Qc7 12. Nd5 Nxd5 13. exd5 Bd6 14. g4 h5 15.
gxh5 Rxh5 16. Nf3 Nc5 17. Rg1 Bf5 18. Bf2 Rc8 19. Bxc5 Qxc5 20. c4 Kf8 21. Rg5
Rxg5 22. Nxg5 b5 23. Ne4 Bxe4 24. Qxe4 bxc4 25. Kb1 c3 26. Rc1 Qb6 27. b3 f5 28.
Qh4 Kg7 29. Bd3 e4 30. Bc2 Qc5 31. Ka1 Rh8 32. Qe1 Rxh2 33. b4 Qd4 34. a3 a5 35.
bxa5 Qc5 0-1

[Event "TCh-RUS Women 2015"]
[Site "Sochi RUS"]
[Date "2015.05.02"]
[Round "2.1"]
[Board "2"]
[White "Ovod, Evgenija"]
[Black "Gunina, Valentina"]
[Result "0-1"]
[WhiteTitle "IM"]
[BlackTitle "GM"]
[WhiteElo "2325"]
[BlackElo "2528"]
[WhiteTeam "SDYUSSHOR Hilti (St. Petersburg)"]
[BlackTeam "SHSM-Our Heritage (Moscow)"]
[WhiteFideId "4131827"]
[BlackFideId "4167570"]
[EventDate "2015.05.01"]

1. d4 d5 2. c4 c6 3. Nf3 Nf6 4. Nc3 dxc4 5. a4 Bf5 6. e3 e6 7. Bxc4 Nbd7 8. O-O
Bb4 9. Nh4 Bg6 10. f3 Nd5 11. Nxg6 hxg6 12. Ne2 Bd6 13. g3 a5 14. e4 Nb4 15. Be3
Qe7 16. Rc1 O-O 17. f4 Rad8 18. Nc3 Bb8 19. Qf3 Ba7 20. Rfd1 Nf6 21. Bf2 Rd7 22.
e5 Nfd5 23. Ne4 Rfd8 24. Qg4 Nc7 25. Qh3 f6 26. f5 gxf5 27. exf6 Qf7 28. fxg7
Qg6 29. Qh8+ Kf7 30. Be3 Qxg7 31. Qh5+ Kg8 32. Qxf5 Nbd5 33. Bxd5 Rxd5 34. Nf6+
Kf8 35. Nh7+ Ke7 36. Qf4 Ne8 37. Qh4+ Kd7 38. Ng5 Nf6 39. Qf4 Bb8 40. Qf3 Rf5
41. d5 Nxd5 42. Qg4 Kc8 43. h4 Qe5 44. Bf2 Rxf2 45. Qxe6+ Qxe6 46. Nxe6 Bxg3 47.
Nxd8 Nf4 0-1

[Event "TCh-RUS Women 2015"]
[Site "Sochi RUS"]
[Date "2015.05.02"]
[Round "2.1"]
[Board "3"]
[White "Kovalevskaya, Ekaterina"]
[Black "Belenkaya, Dina"]
[Result "1/2-1/2"]
[WhiteTitle "IM"]
[BlackTitle "WFM"]
[WhiteElo "2438"]
[BlackElo "2259"]
[WhiteTeam "SHSM-Our Heritage (Moscow)"]
[BlackTeam "SDYUSSHOR Hilti (St. Petersburg)"]
[WhiteFideId "4116704"]
[BlackFideId "24142654"]
[EventDate "2015.05.01"]

1. c4 e5 2. g3 Nf6 3. Bg2 Nc6 4. Nc3 Bc5 5. e3 O-O 6. Nge2 d5 7. cxd5 Nb4 8. O-O
Nbxd5 9. d4 exd4 10. exd4 Be7 11. Nf4 Nxf4 12. Bxf4 c6 13. d5 cxd5 14. Nxd5 Nxd5
15. Qxd5 Qxd5 16. Bxd5 Bf6 17. Rac1 Rd8 18. Rfe1 g5 19. Be5 Rxd5 20. Bxf6 Be6
21. Rc7 Rf5 22. Bc3 b5 23. a3 a5 24. Rd1 h5 25. h3 Kh7 26. g4 hxg4 27. hxg4 Rf4
28. Rd4 Rxd4 29. Bxd4 Kg6 30. f3 Rd8 31. Bc3 Rd3 32. Kf2 Bd5 33. Ke2 Bc4 34. Kf2
Bd5 35. Ke2 Bc4 36. Kf2 Bd5 37. Ke2 Bc4 38. Kf2 Bd5 39. Ke2 Bc4 40. Kf2 Bd5 41.
Ke2 1/2-1/2

[Event "TCh-RUS Women 2015"]
[Site "Sochi RUS"]
[Date "2015.05.02"]
[Round "2.1"]
[Board "4"]
[White "Balaian, Alina"]
[Black "Kashlinskaya, Alina"]
[Result "1-0"]
[WhiteTitle "WIM"]
[BlackTitle "IM"]
[WhiteElo "2214"]
[BlackElo "2436"]
[WhiteTeam "SDYUSSHOR Hilti (St. Petersburg)"]
[BlackTeam "SHSM-Our Heritage (Moscow)"]
[WhiteFideId "24115347"]
[BlackFideId "4198026"]
[EventDate "2015.05.01"]

1. e4 c6 2. d4 d5 3. exd5 cxd5 4. Bd3 Nc6 5. c3 g6 6. Bf4 Bg7 7. h3 Nf6 8. Nf3
O-O 9. O-O Bf5 10. Bxf5 gxf5 11. Re1 Ne4 12. Nbd2 e6 13. Nf1 Ne7 14. Qc1 Ng6 15.
Bh6 Qf6 16. Ng3 Bxh6 17. Qxh6 Qg7 18. Qc1 Nxg3 19. fxg3 Kh8 20. Qg5 Rg8 21. Re2
f6 22. Qh5 Qc7 23. Kf2 Rg7 24. Rf1 Rag8 25. Qh6 e5 26. dxe5 fxe5 27. Ng5 Qb6+
28. Ke1 f4 29. h4 d4 30. cxd4 Qb4+ 31. Kd1 Rd7 32. Rc2 Qxd4+ 33. Kc1 Qd3 34. Re1
Qxg3 35. Ree2 Qd3 36. b3 Qd4 37. Kb1 Qd1+ 38. Kb2 Qd4+ 39. Kb1 Qg1+ 40. Kb2 Qb6
41. h5 Nh4 42. Qxb6 axb6 43. Rxe5 Rdg7 44. Ne6 Re7 45. Ree2 Nxg2 46. Nxf4 Rxe2
47. Nxe2 Ne3 48. Rd2 Rg2 49. Kc3 Kg7 50. Rd7+ Kh6 51. Kd3 Nf1 52. Rxb7 Rf2 53.
Rxb6+ Kxh5 54. a4 Rf3+ 55. Kd4 Rf2 56. Nc3 Rd2+ 57. Kc5 Ne3 58. Rb7 Kg6 59. a5
Rd3 60. Ne4 Rd5+ 61. Kb6 Rd4 62. a6 Rxe4 63. a7 Nd5+ 64. Kc6 Re6+ 65. Kxd5 Ra6
66. b4 h5 67. b5 Ra5 68. Rb6+ Kg5 69. Ra6 1-0

[Event "TCh-RUS Women 2015"]
[Site "Sochi RUS"]
[Date "2015.05.02"]
[Round "2.2"]
[Board "1"]
[White "Pustovoitova, Daria"]
[Black "Ushenina, Anna"]
[Result "1/2-1/2"]
[WhiteTitle "FM"]
[BlackTitle "GM"]
[WhiteElo "2339"]
[BlackElo "2486"]
[WhiteTeam "University (Belorechensk)"]
[BlackTeam "Yugra (Khanty)"]
[WhiteFideId "4182146"]
[BlackFideId "14110911"]
[EventDate "2015.05.01"]

1. d4 d5 2. c4 c6 3. Nc3 Nf6 4. e3 e6 5. Nf3 Nbd7 6. Qc2 Bd6 7. Bd3 O-O 8. O-O
dxc4 9. Bxc4 a6 10. Bd2 Qe7 11. Bd3 c5 12. a4 h6 13. a5 cxd4 14. Nxd4 Ne5 15.
Be2 Bd7 16. Ne4 Nxe4 17. Qxe4 f5 18. Qc2 Ng6 19. Qb3 Kh8 20. Qxb7 Rfb8 21. Qf3
Ne5 22. Qh3 Rxb2 23. Bc3 Rbb8 24. f4 Nf7 25. Bf3 Ra7 26. Rab1 Rc8 27. Ba1 Rc5
28. Nb3 Rb5 29. Bd4 Rc7 30. Be2 Rb4 31. Bxa6 e5 32. fxe5 Nxe5 33. Qh5 Ng4 34. h3
Rxd4 35. Nxd4 Qxe3+ 36. Kh1 Nf2+ 37. Rxf2 Qxf2 38. Nf3 Rc2 39. Qg6 Bg3 40. Bf1
Rc3 41. Qf7 Qc2 42. Qxd7 Qxb1 43. Qe8+ Kh7 44. Ng5+ hxg5 45. Qh5+ Kg8 46. Qe8+
Kh7 47. Qh5+ 1/2-1/2

[Event "TCh-RUS Women 2015"]
[Site "Sochi RUS"]
[Date "2015.05.02"]
[Round "2.2"]
[Board "2"]
[White "Mkrtchian, Lilit"]
[Black "Nakhbayeva, Guliskhan"]
[Result "0-1"]
[WhiteTitle "IM"]
[BlackTitle "WGM"]
[WhiteElo "2443"]
[BlackElo "2329"]
[WhiteTeam "Yugra (Khanty)"]
[BlackTeam "University (Belorechensk)"]
[WhiteFideId "13300601"]
[BlackFideId "13704788"]
[EventDate "2015.05.01"]

1. c4 e5 2. Nc3 Nf6 3. Nf3 Nc6 4. e4 Bb4 5. d3 Bxc3+ 6. bxc3 O-O 7. Bg5 d6 8.
Be2 Ne7 9. Bxf6 gxf6 10. Qd2 a6 11. Qh6 Ng6 12. h4 Qe7 13. g3 Qe6 14. Bf1 Ne7
15. Bh3 f5 16. Qxe6 Bxe6 17. Ng5 b5 18. Nxe6 fxe6 19. exf5 exf5 20. Bg2 Rab8 21.
cxb5 Rxb5 22. O-O Rfb8 23. Rfe1 Rb2 24. d4 e4 25. Bf1 d5 26. Bxa6 Ra8 27. Re2
Rb6 28. Bd3 Kf7 29. Bc2 Ra3 30. Bd1 Rxc3 31. a4 Nc6 32. Rd2 Na5 33. Kg2 Rb4 34.
Raa2 Rcc4 35. Rdc2 c6 36. Rxc4 Rxc4 37. Rd2 Ke6 38. Kf1 Rc1 39. Ke2 Rc4 40. Ke3
Rc3+ 41. Kf4 Kf6 42. g4 Rh3 43. Rc2 Rd3 44. Be2 Rxd4 45. g5+ Ke6 46. Ba6 e3+ 47.
Kxe3 Re4+ 48. Kf3 Rxh4 49. Bd3 Rh3+ 50. Ke2 Ke5 51. Rb2 c5 52. Rb6 c4 53. Bc2
Rh5 54. Ra6 Nb7 55. Rb6 Nc5 56. a5 Rxg5 57. a6 Rg1 58. Rc6 Ne6 59. Kd2 Ra1 60.
Bd1 Ng5 61. f3 Ne6 62. f4+ Nxf4 63. Bf3 Kd4 64. Rf6 Ra2+ 65. Kc1 c3 66. Bd1 Nd3+
67. Kb1 Rb2+ 68. Ka1 c2 69. Bxc2 Rxc2 70. a7 Rc8 0-1

[Event "TCh-RUS Women 2015"]
[Site "Sochi RUS"]
[Date "2015.05.02"]
[Round "2.2"]
[Board "3"]
[White "Bronnikova, Elizaveta"]
[Black "Guseva, Marina"]
[Result "1/2-1/2"]
[WhiteTitle "WIM"]
[BlackTitle "IM"]
[WhiteElo "2245"]
[BlackElo "2379"]
[WhiteTeam "University (Belorechensk)"]
[BlackTeam "Yugra (Khanty)"]
[WhiteFideId "4157087"]
[BlackFideId "4149351"]
[EventDate "2015.05.01"]

1. e4 c6 2. d4 d5 3. Nd2 dxe4 4. Nxe4 Bf5 5. Ng3 Bg6 6. Nf3 Nd7 7. h4 h6 8. h5
Bh7 9. Bd3 Bxd3 10. Qxd3 e6 11. Bd2 Ngf6 12. O-O-O Be7 13. Kb1 O-O 14. Ne4 Nxe4
15. Qxe4 Nf6 16. Qe2 Qd5 17. Ne5 Qxd4 18. Bxh6 Qe4 19. Qxe4 Nxe4 20. Be3 Rfd8
21. c4 c5 22. g4 Bd6 23. Nd3 b6 24. Kc2 Bc7 25. f3 Nd6 26. b3 Nc8 27. h6 Ne7 28.
Rh5 gxh6 29. Rdh1 Ng6 30. Rxh6 Rd7 31. Nf2 Be5 32. Rd1 Rxd1 33. Kxd1 Rd8+ 34.
Kc2 Kg7 35. Rh1 Bf4 36. Bxf4 Nxf4 37. Rd1 Rxd1 38. Nxd1 Kf6 39. Kd2 Ke5 40. Ke3
Ng2+ 41. Kf2 Nf4 42. Ke3 Ng2+ 43. Kf2 Nf4 44. Nc3 a6 45. Na4 Kd4 46. Nxb6 Nd3+
47. Ke2 Nc1+ 48. Kd2 Nxa2 49. Nd7 Nb4 50. f4 Nd3 51. f5 exf5 52. gxf5 Ne5 53.
Nf6 a5 54. Kc2 a4 55. bxa4 Kxc4 56. Ne4 Kb4 57. a5 Kxa5 58. Nxc5 Kb4 59. Ne4 1/2-1/2

[Event "TCh-RUS Women 2015"]
[Site "Sochi RUS"]
[Date "2015.05.02"]
[Round "2.2"]
[Board "4"]
[White "Kovanova, Baira"]
[Black "Baraeva, Marina"]
[Result "1-0"]
[WhiteTitle "WGM"]
[BlackTitle "WIM"]
[WhiteElo "2381"]
[BlackElo "2205"]
[WhiteTeam "Yugra (Khanty)"]
[BlackTeam "University (Belorechensk)"]
[WhiteFideId "4164083"]
[BlackFideId "24142573"]
[EventDate "2015.05.01"]

1. d4 d5 2. c4 c6 3. Nc3 Nf6 4. e3 a6 5. Nf3 b5 6. b3 Bg4 7. h3 Bxf3 8. Qxf3 e6
9. c5 Nbd7 10. Be2 Be7 11. O-O O-O 12. a3 Qc7 13. Bb2 Rae8 14. b4 e5 15. dxe5
Nxe5 16. Qf5 Nc4 17. Bxc4 bxc4 18. Rad1 Bd8 19. Qc2 Ne4 20. Ne2 Re6 21. a4 Rfe8
22. Nf4 Rh6 23. b5 axb5 24. axb5 Nxc5 25. bxc6 Qxc6 26. Rxd5 Nd3 27. Rd1 Nxf4
28. exf4 Bb6 29. f5 Qc8 30. Qc3 f6 31. Re1 Rh4 32. Rxe8+ Qxe8 33. Rd6 Bc7 34.
Re6 Qd7 35. Qe1 h6 36. Re8+ Kh7 37. Bxf6 Rf4 38. Re7 Qxf5 39. Rxg7+ 1-0

[Event "TCh-RUS Women 2015"]
[Site "Sochi RUS"]
[Date "2015.05.02"]
[Round "2.3"]
[Board "1"]
[White "Bivol, Alina"]
[Black "Travkina, Anastasia"]
[Result "1-0"]
[WhiteTitle "WIM"]
[BlackTitle "WFM"]
[WhiteElo "2350"]
[BlackElo "2225"]
[WhiteTeam "Boavista (Moscow)"]
[BlackTeam "Donchanka (Rostov region)"]
[WhiteFideId "4100123"]
[BlackFideId "24129151"]
[EventDate "2015.05.01"]

1. Nf3 d5 2. g3 Nf6 3. Bg2 Bf5 4. O-O h6 5. d3 e6 6. c4 c6 7. cxd5 exd5 8. Qb3
Qb6 9. Qc2 Be7 10. Nc3 Nbd7 11. e4 dxe4 12. dxe4 Bh7 13. Be3 Qa5 14. Rad1 O-O
15. h3 Rfd8 16. Nd4 Nd5 17. Bd2 Qb6 18. Nb3 Nb4 19. Qb1 a5 20. Be3 Qc7 21. Nd4
Bf6 22. a3 Na6 23. Qc2 Ne5 24. Qe2 b5 25. f4 Nc4 26. Bf2 Bxd4 27. Bxd4 Qe7 28.
a4 Qb4 29. axb5 Nxb2 30. Na2 Qc4 31. Qxb2 cxb5 32. Bxg7 Qc6 33. Bh8 Qg6 34. Kh2
h5 35. f5 Qh6 36. Be5 b4 37. Bf4 Qg7 38. e5 Rab8 39. f6 Qg6 40. e6 1-0

[Event "TCh-RUS Women 2015"]
[Site "Sochi RUS"]
[Date "2015.05.02"]
[Round "2.3"]
[Board "2"]
[White "Sukhareva, Evgeniya"]
[Black "Vasilevich, Irina"]
[Result "1-0"]
[BlackTitle "IM"]
[WhiteElo "2169"]
[BlackElo "2316"]
[WhiteTeam "Donchanka (Rostov region)"]
[BlackTeam "Boavista (Moscow)"]
[WhiteFideId "4167155"]
[BlackFideId "4141296"]
[EventDate "2015.05.01"]

1. d4 Nf6 2. c4 e6 3. Nf3 d5 4. Bg5 Be7 5. e3 h6 6. Bh4 O-O 7. Nc3 Nbd7 8. Rc1
c5 9. cxd5 Nxd5 10. Bxe7 Nxe7 11. Be2 b6 12. O-O Bb7 13. Qc2 Rc8 14. Qb1 Bxf3
15. Bxf3 cxd4 16. exd4 Nf6 17. Rfd1 Qd7 18. g3 Rfd8 19. Bg2 Ned5 20. Ne2 Qb5 21.
Bf1 Qb4 22. Rxc8 Rxc8 23. Rc1 Rd8 24. Qc2 Qd6 25. Qa4 a5 26. a3 Ne7 27. Qb5 Nfd5
28. Bg2 Qb8 29. Be4 Rc8 30. Rxc8+ Qxc8 31. Kg2 f5 32. Bd3 Kf7 33. Bc4 Qb7 34.
Kg1 g5 35. Nc1 Nc7 36. Qb3 a4 37. Qd1 Qe4 38. Bf1 Qb1 39. Qh5+ Kg7 40. Nd3 Ng6
41. Qe2 Qa2 42. Qc2 Nd5 43. Qxa4 Nde7 44. Qb5 Nc8 45. Qe8 Nd6 46. Qd7+ Nf7 47.
Qb5 g4 48. h4 gxh3 49. Bxh3 h5 50. Qxb6 Ng5 51. Bf1 h4 52. Qd8 Nf3+ 53. Kg2 Qb1
54. Qc7+ Kh6 55. Qc1+ Qxc1 56. Nxc1 Nxd4 57. gxh4 Nxh4+ 58. Kg3 Ng6 59. a4 Kg5
60. a5 f4+ 61. Kg2 Ne5 62. a6 Nec6 63. Nd3 Kf5 64. f3 e5 65. Nc5 Kf6 66. b4 Na7
67. Bc4 Nc2 68. Nd7+ Kg5 69. Nxe5 Nxb4 70. Nd3 Nc2 71. Kf2 Kf5 72. Bd5 Nd4 73.
Bb7 Ndb5 74. Be4+ Kg5 75. Ke2 Nd6 76. Bd5 Nab5 77. Nb4 Kf5 78. Kd3 Ke5 79. Bb7
Nc7 80. Bc6 Nxa6 81. Nxa6 Nf5 82. Nb4 Nh4 83. Be4 Kd6 84. Kd4 Ke6 85. Nd3 Kf6
86. Nxf4 Nxf3+ 87. Bxf3 Kf5 88. Ne2 Ke6 89. Ke4 Kd6 90. Kf5 Kc5 91. Ke5 Kc4 92.
Be4 Kc5 93. Bd5 Kb4 94. Kd4 Kb5 95. Nc1 Kb4 96. Bf7 Kb5 97. Nd3 Kc6 98. Ke5 Kd7
99. Bb3 Kc6 100. Ba4+ Kb6 101. Kd6 Ka5 102. Be8 Kb6 103. Bd7 Kb7 104. Ne5 Kb6
105. Nc4+ Kb7 106. Bb5 Kc8 107. Nb6+ Kd8 108. Nd5 Kc8 109. Ke7 Kb8 110. Ba6 Ka7
111. Bc8 Kb8 112. Kd7 Ka8 113. Kc7 Ka7 114. Nb4 1-0

[Event "TCh-RUS Women 2015"]
[Site "Sochi RUS"]
[Date "2015.05.02"]
[Round "2.3"]
[Board "3"]
[White "Tomilova, Elena"]
[Black "Petrova, Olga"]
[Result "1-0"]
[WhiteTitle "WIM"]
[WhiteElo "2292"]
[BlackElo "2176"]
[WhiteTeam "Boavista (Moscow)"]
[BlackTeam "Donchanka (Rostov region)"]
[WhiteFideId "4162340"]
[BlackFideId "24117196"]
[EventDate "2015.05.01"]

1. e4 d6 2. d4 Nf6 3. Nc3 c6 4. f4 Qa5 5. Bd3 e5 6. Nf3 Nbd7 7. Qe2 Be7 8. Bd2
Qc7 9. O-O-O b5 10. Rdf1 O-O 11. g4 Nxg4 12. Rhg1 exd4 13. Nxd4 Ndf6 14. h3 Nh6
15. e5 Bxh3 16. exf6 Bxf6 17. Qe4 g6 18. Re1 Bd7 19. f5 Rfe8 20. Qf4 Bxd4 21.
Qxd4 Nxf5 22. Bxf5 Bxf5 23. Bh6 Re5 24. Bf4 f6 25. Bxe5 dxe5 26. Qf2 Kf7 27. Ne4
Bxe4 28. Rxe4 Rd8 29. Rh4 Ke6 30. Qh2 Rd7 31. b4 f5 32. Qh3 Qd6 33. a3 Qd2+ 34.
Kb1 Qf2 35. Rh1 h5 36. Qb3+ Kf6 37. R4h3 f4 38. Qg8 Qe2 39. Rg1 Rd1+ 40. Rxd1
Qxd1+ 41. Kb2 Qd4+ 42. Rc3 Kg5 43. Qe6 Qd5 44. Qe7+ Kg4 45. Qf6 g5 46. Rc5 Qd4+
47. Ka2 f3 48. Rxe5 Qc4+ 49. Kb1 Qf4 50. Qe6+ Kg3 51. Rf5 Qd2 52. Qe5+ Kh4 53.
Kb2 Qg2 54. Qf6 Qd2 55. Rxf3 Qd5 56. Rf4+ Kh3 57. Rf5 g4 58. Rxd5 cxd5 59. Qg5 1-0

[Event "TCh-RUS Women 2015"]
[Site "Sochi RUS"]
[Date "2015.05.02"]
[Round "2.3"]
[Board "4"]
[White "Kim, Yana"]
[Black "Drozdova, Dina"]
[Result "0-1"]
[WhiteTitle "WFM"]
[BlackTitle "WIM"]
[WhiteElo "2125"]
[BlackElo "2211"]
[WhiteTeam "Donchanka (Rostov region)"]
[BlackTeam "Boavista (Moscow)"]
[WhiteFideId "24133167"]
[BlackFideId "4170695"]
[EventDate "2015.05.01"]

1. e4 d6 2. d4 Nf6 3. Nc3 e5 4. Nf3 Nbd7 5. Bc4 Be7 6. O-O O-O 7. a4 c6 8. Ba2
exd4 9. Nxd4 Nc5 10. Qe2 a5 11. Rd1 Qb6 12. f3 Re8 13. Be3 Qc7 14. Qf2 Bd7 15.
Rd2 Rad8 16. Rad1 Bc8 17. g4 Bf8 18. h3 Qb6 19. Nde2 Nfd7 20. Bd4 Qc7 21. Ng3
Nb6 22. f4 Nbxa4 23. Nxa4 Nxa4 24. f5 c5 25. Be3 b5 26. Bg5 Rd7 27. Re2 c4 28.
Nh5 Nc5 29. Qf4 Kh8 30. Nf6 Re5 31. Nxd7 Bxd7 32. Rd5 f6 33. Bh4 Bc6 34. Rxe5
dxe5 35. Qf1 Nxe4 36. Bf2 Bb7 37. Be3 Ng3 38. Qe1 Nxe2+ 39. Qxe2 Qc6 40. Kh2
Qh1+ 41. Kg3 Bb4 42. c3 Bd6 43. Qd2 Qf3+ 44. Kh4 Bd5 45. Qe1 g5+ 46. fxg6 hxg6 0-1

[Event "TCh-RUS Women 2015"]
[Site "Sochi RUS"]
[Date "2015.05.02"]
[Round "2.4"]
[Board "1"]
[White "Iljushina, Olga"]
[Black "Sergeeva, Natalia"]
[Result "1-0"]
[WhiteTitle "WGM"]
[WhiteElo "2300"]
[BlackElo "2079"]
[WhiteTeam "Grozny (Chechnya)"]
[BlackTeam "Kuban (Krasnodar region)"]
[WhiteFideId "4152280"]
[BlackFideId "4117743"]
[EventDate "2015.05.01"]

1. e4 c6 2. d4 d5 3. exd5 cxd5 4. c4 Nf6 5. Nc3 g6 6. Qb3 Bg7 7. cxd5 O-O 8. Nf3
Nbd7 9. Be2 Nb6 10. O-O Nfxd5 11. Ne4 a5 12. Nc5 Qd6 13. Bd2 Ra7 14. Rfc1 Bf5
15. Bxa5 Rxa5 16. Nxb7 Qe6 17. Nxa5 Qxe2 18. Nc6 Qe6 19. a4 Bh6 20. Rc5 Be4 21.
Nce5 f6 22. Rc6 Qf5 23. Nc4 Nxc4 24. Rxc4 Kg7 25. Rc5 Qd7 26. Re1 Bxf3 27. Qxf3
Nf4 28. Rc4 Kf7 29. b3 Rb8 30. a5 Qb5 31. Rc7 Nd5 32. Rc5 Qb4 33. Qxd5+ Kf8 34.
Qe6 1-0

[Event "TCh-RUS Women 2015"]
[Site "Sochi RUS"]
[Date "2015.05.02"]
[Round "2.4"]
[Board "2"]
[White "Yakimenko, Viktoria"]
[Black "Dordzhieva, Dinara"]
[Result "0-1"]
[BlackTitle "WIM"]
[WhiteElo "2092"]
[BlackElo "2272"]
[WhiteTeam "Kuban (Krasnodar region)"]
[BlackTeam "Grozny (Chechnya)"]
[WhiteFideId "24174998"]
[BlackFideId "24157570"]
[EventDate "2015.05.01"]

1. e4 c5 2. Nf3 d6 3. d4 Nf6 4. dxc5 Qa5+ 5. c3 Qxc5 6. Bd3 g6 7. Be3 Qc7 8. h3
Bg7 9. Qc1 Nbd7 10. Nbd2 O-O 11. O-O b6 12. a4 Bb7 13. Bc2 d5 14. Qb1 e5 15. a5
b5 16. a6 Bc6 17. Re1 h6 18. Nh2 dxe4 19. Bb3 Nd5 20. Nxe4 Kh7 21. Bd2 f5 22.
Ng3 e4 23. h4 h5 24. Qa2 N7f6 25. Rad1 e3 26. Bc1 exf2+ 27. Kxf2 Qb6+ 28. Rd4
Ng4+ 29. Nxg4 fxg4+ 30. Kg1 Bxd4+ 31. cxd4 Qxd4+ 32. Kh2 Rf2 33. Ne4 Nf6 34.
Ng5+ Kh8 35. Nf7+ Kg7 36. Bh6+ Kh7 37. Ng5+ Kxh6 38. Rg1 g3+ 39. Kh1 Qxh4+ 0-1

[Event "TCh-RUS Women 2015"]
[Site "Sochi RUS"]
[Date "2015.05.02"]
[Round "2.4"]
[Board "3"]
[White "Lingur, Zalina"]
[Black "Yakimenko, Anastasia"]
[Result "1-0"]
[WhiteTitle "WFM"]
[WhiteElo "2126"]
[BlackElo "2080"]
[WhiteTeam "Grozny (Chechnya)"]
[BlackTeam "Kuban (Krasnodar region)"]
[WhiteFideId "34165670"]
[BlackFideId "24174980"]
[EventDate "2015.05.01"]

1. e4 c5 2. Nf3 a6 3. c4 e6 4. d4 cxd4 5. Nxd4 Nf6 6. Nc3 Qc7 7. a3 d6 8. Be2
Nbd7 9. Be3 b6 10. O-O Bb7 11. f3 Be7 12. Rc1 O-O 13. b4 Rac8 14. Qd2 Qb8 15.
Kh1 Bd8 16. Na4 Bc7 17. Bg1 Ba8 18. Rc2 Kh8 19. Rb1 Rg8 20. Nb3 g5 21. c5 dxc5
22. bxc5 b5 23. Nb6 Rcd8 24. Qc3 Be5 25. Bd4 Bxd4 26. Nxd4 e5 27. Nxd7 Rxd7 28.
Nf5 g4 29. c6 Rc8 30. Qe3 Rdc7 31. Qh6 Nh5 32. Qxh5 f6 33. Qxg4 Rg8 34. Qh4 Qf8
35. Rd1 Rg5 36. Rd7 Rxd7 37. cxd7 Bb7 38. Rc7 1-0

[Event "TCh-RUS Women 2015"]
[Site "Sochi RUS"]
[Date "2015.05.02"]
[Round "2.4"]
[Board "4"]
[White "Demchenko, Alisa"]
[Black "Protopopova, Anastasiya"]
[Result "0-1"]
[BlackTitle "WFM"]
[WhiteElo "1705"]
[BlackElo "2093"]
[WhiteTeam "Kuban (Krasnodar region)"]
[BlackTeam "Grozny (Chechnya)"]
[WhiteFideId "34100080"]
[BlackFideId "24172073"]
[EventDate "2015.05.01"]

1. c4 e5 2. Nc3 Nf6 3. g3 d5 4. cxd5 Nxd5 5. Bg2 Nb6 6. Nf3 Nc6 7. O-O Be7 8. d3
O-O 9. Be3 Be6 10. a3 f6 11. b4 a5 12. b5 Nd4 13. Nd2 Rb8 14. Bxd4 exd4 15. Na4
Nd5 16. Nb3 Nc3 17. Nxc3 dxc3 18. Qc2 a4 19. Na5 c6 20. Qxc3 cxb5 21. Nxb7 Qb6
22. Qc6 Qxc6 23. Bxc6 Rfc8 24. Rfc1 Bxa3 25. Rxa3 Rxb7 26. Bxb7 Rxc1+ 27. Kg2
Bb3 28. Rxb3 axb3 29. Bd5+ Kf8 30. Bxb3 Rb1 31. Bd5 b4 32. Kf3 b3 33. Bxb3 Rxb3
34. h4 h5 35. Ke4 Kf7 36. d4 g6 37. e3 Ke6 38. f3 g5 39. d5+ Kd6 40. hxg5 fxg5
41. f4 gxf4 42. Kxf4 Kxd5 43. Kg5 Rxe3 44. Kxh5 Rxg3 0-1

[Event "TCh-RUS Women 2015"]
[Site "Sochi RUS"]
[Date "2015.05.02"]
[Round "2.5"]
[Board "1"]
[White "Utiatskaja, Irina"]
[Black "Ambartsumova, Karina"]
[Result "1/2-1/2"]
[WhiteTitle "WFM"]
[BlackTitle "WGM"]
[WhiteElo "2114"]
[BlackElo "2346"]
[WhiteTeam "Academy GM IV Glek (Moscow)"]
[BlackTeam "Rook (Kazan)"]
[WhiteFideId "24140848"]
[BlackFideId "4166299"]
[EventDate "2015.05.01"]

1. e4 c5 2. Nf3 e6 3. d4 cxd4 4. Nxd4 a6 5. Nc3 Qc7 6. Qf3 Nc6 7. Nxc6 bxc6 8.
Bf4 d6 9. Bc4 Nf6 10. O-O e5 11. Bg5 Be7 12. Ne2 O-O 13. Bxf6 Bxf6 14. Ng3 Be6
15. Bxe6 fxe6 16. c4 Rab8 17. b3 a5 18. Qg4 Qe7 19. Rad1 a4 20. Rd3 Rb4 21. Qd1
Rd8 22. Qd2 c5 23. Rd1 Bg5 24. Qe2 axb3 25. axb3 Rb6 26. Qg4 Ra8 27. Ne2 Ra3 28.
Qh3 Qe8 29. Kh1 h6 30. Ng1 Qe7 31. Qf3 Qf7 32. Qg3 Qe7 33. Nh3 Bf6 34. Qf3 Qb7
35. Qg4 Qe7 36. Qf3 Qb7 37. Qg4 Qe7 38. Qf3 Qb7 1/2-1/2

[Event "TCh-RUS Women 2015"]
[Site "Sochi RUS"]
[Date "2015.05.02"]
[Round "2.5"]
[Board "2"]
[White "Shaydullina, Sandugach"]
[Black "Alieva, Alexandra"]
[Result "1-0"]
[WhiteTitle "WGM"]
[WhiteElo "2103"]
[BlackElo "1994"]
[WhiteTeam "Rook (Kazan)"]
[BlackTeam "Academy GM IV Glek (Moscow)"]
[WhiteFideId "4140389"]
[BlackFideId "24133353"]
[EventDate "2015.05.01"]

1. d4 d5 2. c4 e6 3. Nf3 Nf6 4. g3 dxc4 5. Bg2 Nc6 6. Qa4 Bb4+ 7. Bd2 Nd5 8.
Bxb4 Nxb4 9. Nc3 O-O 10. a3 Nd5 11. Qxc4 Na5 12. Qd3 c5 13. O-O c4 14. Qc2 f5
15. Ne5 f4 16. Rad1 Rb8 17. Ne4 b5 18. Nc5 Rb6 19. Be4 Nf6 20. Bf3 Nd5 21. Qd2
Rd6 22. e4 Ne7 23. Qc3 Nac6 24. Nxc6 Nxc6 25. d5 exd5 26. Rxd5 fxg3 27. hxg3 Ne7
28. Rxd6 Qxd6 29. b4 Nc6 30. Rd1 Qe5 31. Qe3 Qf6 32. Be2 Ne5 33. f4 Ng4 34. Bxg4
Bxg4 35. e5 Qf5 36. Re1 Re8 37. Ne4 Qh5 38. Rf1 Qg6 39. Nf2 Bd7 40. Rd1 Bc6 41.
Kf1 Ba8 42. Ke2 h5 43. Rd7 Qc6 44. Rd4 Qg2 45. Rd6 Bd5 46. Rg6 Rd8 47. e6 Re8
48. f5 h4 49. Rxg7+ Kxg7 50. Qg5+ Kh8 51. Qxh4+ Kg8 52. Qg5+ Kh8 53. Qf6+ Kh7
54. Qf7+ Kh8 55. Qxe8+ Kh7 56. Qg6+ Kh8 57. e7 Qf3+ 58. Kf1 Qg2+ 59. Ke1 1-0